000 00409nam a2200157 4500
001 139265
003 ES-MaACL
005 20230906195737.0
007 t|
008 070214s1935 sp r ||||1| fre d
100 1 _aSarrailh, Jean.
_9103846
245 1 0 _aCervantes et Anatole France /
_cJean Sarrailh.
260 _a[s.l.] :
_b[s.n.],
_c1935.
300 _a25 p. ;
_c26 cm.
852 _aES-MaACL
_j1806-F-24
999 _c139265
_d139265